000 00715nam a22002297a 4500
003 LK-CoMWRAF
005 20231206124043.0
008 230928b2001 |||||||| |||| 00| 0 eng d
020 _a1559638532
040 _aLK-CoMWRAF
_dLK-CoMWRAF
_eLK-CoMWRAF
041 _aeng
082 _a307.1
_bHOP
100 _aHopkins, Lewis D.
245 _aUrban development:
_bthe logic of making plans
260 _aWashington:
_bIsland Press,
_c2001
300 _a xvi, 292 p. : ill., maps ; 23 cm.
_bBibliography and index included
650 _aCITY PLANNING
650 _aCity planning--Evaluation
650 _aSocial choice
856 _uhttp://ndl.ethernet.edu.et/bitstream/123456789/49030/1/182.pdf
942 _cBK
999 _c3727
_d3727